[Event "Kuppenheim 12h-Blitz (4m + 0s)"]
[Site "Rochade Kuppenheim"]
[Date "2004.05.14"]
[Round "1.18"]
[White "Kingloek"]
[Black "Xheladini (Kuppenheim)"]
[Result "1-0"]
[WhiteElo "2740"]
[BlackElo "2259"]
[PlyCount "77"]
[EventDate "2004.05.14"]

1. d4 {0} 1... c6 {2} 2. c4 {2} 2... d6 {1} 3. Nf3 {2} 3... Nd7 {1} 4. Nc3 {1}
4... Qc7 {1} 5. g3 {1} 5... e5 {2} 6. Bg2 {1} 6... Be7 {3} 7. O-O {1} 7... Ngf6
{1} 8. e4 {2} 8... O-O {3} 9. h3 {1} 9... h6 {2} 10. Be3 {1} 10... Re8 {1} 11.
Rc1 {1} 11... Kh7 {3} 12. b4 {1} 12... a5 {2} 13. b5 {6} 13... g5 {3} 14. Qd2 {
10} 14... Ng8 {10} 15. Rfd1 {2} 15... Nf8 {5} 16. bxc6 {4} 16... bxc6 {4} 17.
c5 {1} 17... dxc5 {7} 18. dxe5 {8} 18... Be6 {11} 19. Na4 {3} 19... Nd7 {7} 20.
Nxc5 {4} 20... Nxc5 {5} 21. Bxc5 {1} 21... Bxc5 {6} 22. Rxc5 {1} 22... Red8 {3}
23. Qc1 {2} 23... Ne7 {3} 24. Nd4 {5} 24... Bxa2 {19} 25. f4 {6} 25... Qb6 {21}
26. Qc3 {19} 26... Qb4 {7} 27. Kf2 {5} 27... Qxc3 {8} 28. Rxc3 {2} 28... a4 {2}
29. Ke3 {12} 29... Be6 {9} 30. f5 {4} 30... Bb3 {9} 31. Ra1 {5} 31... c5 {7}
32. Rxc5 {3} 32... Rac8 {3} 33. Nxb3 {12} 33... axb3 {4} 34. Rxc8 {2} 34...
Nxc8 {11} 35. Rb1 {4} 35... Nb6 {3} 36. Bf1 {7} 36... Rb8 {8} 37. Bb5 {10}
37... b2 {8} 38. Kd4 {2} 38... Re8 {6} 39. Bxe8 {
Zeit  (Lag: Av=0.38s, max=0.8s) 3} 1-0

[Event "Kuppenheim 12h-Blitz (4m + 0s)"]
[Site "Rochade Kuppenheim"]
[Date "2004.05.14"]
[Round "1.19"]
[White "Vatter (Kuppenheim)"]
[Black "Kingloek"]
[Result "0-1"]
[WhiteElo "2300"]
[BlackElo "2740"]
[PlyCount "46"]
[EventDate "2004.05.14"]

1. e4 {4} 1... c5 {2} 2. Nf3 {3} 2... d6 {1} 3. d4 {2} 3... cxd4 {1} 4. Nxd4 {5
} 4... Nf6 {1} 5. Nc3 {3} 5... a6 {1} 6. Bg5 {3} 6... e6 {1} 7. f4 {2} 7... b5
{1} 8. Qf3 {2} 8... Bb7 {1} 9. a3 {5} 9... Nbd7 {3} 10. O-O-O {3} 10... Rc8 {2}
11. Bd3 {6} 11... Be7 {11} 12. g4 {8} 12... Rxc3 {18} 13. bxc3 {3} 13... Qa5 {1
} 14. Kd2 {10} 14... h6 {7} 15. Bh4 {4} 15... d5 {8} 16. e5 {6} 16... Ne4+ {2}
17. Bxe4 {16} 17... dxe4 {1} 18. Qf2 {5} 18... e3+ {9} 19. Kxe3 {1} 19... Bxh4
{8} 20. Qxh4 {3} 20... Bxh1 {2} 21. Kd2 {10} 21... Bd5 {7} 22. g5 {3} 22... Nc5
{6} 23. f5 {5} 23... Ne4+ {Kuppenheim gibt auf  (Lag: Av=0.36s, max=0.7s) 2}
0-1

[Event "Kuppenheim 12h-Blitz (4m + 0s)"]
[Site "Rochade Kuppenheim"]
[Date "2004.05.15"]
[Round "1.20"]
[White "Kingloek"]
[Black "Bischoff (Kuppenheim)"]
[Result "0-1"]
[WhiteElo "2740"]
[BlackElo "2555"]
[PlyCount "98"]
[EventDate "2004.05.14"]

1. d4 {0} 1... e6 {3} 2. c4 {2} 2... Bb4+ {4} 3. Bd2 {1} 3... a5 {5} 4. g3 {1}
4... Nf6 {9} 5. Bg2 {1} 5... O-O {2} 6. Nf3 {1} 6... b6 {8} 7. Ne5 {1} 7... Ra7
{8} 8. a3 {4} 8... Bxd2+ {11} 9. Qxd2 {2} 9... Ba6 {7} 10. Qc2 {26} 10... d6 {
14} 11. Nf3 {2} 11... c5 {2} 12. dxc5 {3} 12... bxc5 {3} 13. O-O {1} 13... Qb6
{6} 14. Rd1 {3} 14... Rd8 {3} 15. b3 {7} 15... Rb7 {20} 16. Nbd2 {2} 16... Nc6
{4} 17. e3 {4} 17... h6 {3} 18. Rab1 {3} 18... Rbb8 {2} 19. h3 {6} 19... Bb7 {3
} 20. Qc3 {8} 20... Qc7 {2} 21. Rb2 {7} 21... Ne7 {3} 22. Rbb1 {14} 22... Ng6 {
2} 23. Qc2 {3} 23... Nf8 {2} 24. Re1 {2} 24... N8d7 {2} 25. Rbd1 {1} 25... Bc6
{2} 26. Nb1 {3} 26... Be4 {8} 27. Qc3 {3} 27... Bc6 {15} 28. Nbd2 {7} 28... Rb7
{8} 29. a4 {3} 29... Rdb8 {3} 30. Rb1 {3} 30... Ne8 {2} 31. Red1 {2} 31... Ndf6
{1} 32. Ne1 {6} 32... Bxg2 {3} 33. Nxg2 {1} 33... Rb4 {4} 34. Nf4 {2} 34... Qc6
{3} 35. Qc2 {6} 35... Nd7 {4} 36. Ne4 {6} 36... Ne5 {8} 37. Nd2 {4} 37... Nf6 {
4} 38. Nd3 {2} 38... Nxd3 {2} 39. Qxd3 {1} 39... d5 {1} 40. Rbc1 {2} 40... Qd6
{4} 41. cxd5 {6} 41... exd5 {2} 42. Qc3 {4} 42... Rc8 {7} 43. Nc4 {2} 43... Qc7
{3} 44. Na3 {5} 44... Qd7 {4} 45. Kg2 {4} 45... Qf5 {2} 46. Qc2 {4} 46... Qe6 {
1} 47. Nb5 {2} 47... Ne4 {1} 48. Rd3 {5} 48... Ng5 {1} 49. h4 {16} 49... Qh3+ {
Kingloek Opgeven?  (Lag: Av=0.35s, max=0.5s) 3} 0-1

[Event "Kuppenheim 12h-Blitz (4m + 0s)"]
[Site "Rochade Kuppenheim"]
[Date "2004.05.15"]
[Round "2.1"]
[White "Kingloek"]
[Black "Gourdier (Kuppenheim)"]
[Result "1-0"]
[WhiteElo "2740"]
[BlackElo "2167"]
[PlyCount "55"]
[EventDate "2004.05.14"]

1. d4 {2} 1... Nf6 {1} 2. c4 {1} 2... c5 {1} 3. d5 {1} 3... b5 {0} 4. cxb5 {1}
4... a6 {0} 5. b6 {1} 5... d6 {1} 6. Nc3 {1} 6... g6 {1} 7. e4 {1} 7... Bg7 {1}
8. Nf3 {0} 8... Qxb6 {2} 9. Be2 {1} 9... O-O {1} 10. Nd2 {1} 10... a5 {6} 11.
Nc4 {2} 11... Qc7 {1} 12. O-O {3} 12... Ba6 {8} 13. a4 {5} 13... Nfd7 {7} 14.
Na3 {2} 14... Bxe2 {16} 15. Qxe2 {1} 15... Na6 {8} 16. Bd2 {7} 16... Nb4 {2}
17. Kh1 {12} 17... Rfb8 {9} 18. Nab5 {3} 18... Qc8 {3} 19. Rac1 {4} 19... Nb6 {
8} 20. Be3 {9} 20... Qd7 {4} 21. b3 {2} 21... e6 {30} 22. dxe6 {7} 22... Qxe6 {
2} 23. Nc7 {2} 23... Qxb3 {2} 24. Nxa8 {1} 24... Rxa8 {1} 25. Qb5 {9} 25... Nc8
{10} 26. Qb7 {6} 26... Ra7 {8} 27. Qxc8+ {1} 27... Bf8 {0} 28. Bh6 {
Kuppenheim gibt auf  (Lag: Av=0.34s, max=0.4s) 1} 1-0

[Event "Kuppenheim 12h-Blitz (4m + 0s)"]
[Site "Rochade Kuppenheim"]
[Date "2004.05.15"]
[Round "2.2"]
[White "Rheinwalt (Kuppenheim)"]
[Black "Kingloek"]
[Result "0-1"]
[WhiteElo "2100"]
[BlackElo "2740"]
[PlyCount "50"]
[EventDate "2004.05.14"]

1. e4 {3} 1... c5 {2} 2. c4 {2} 2... Nc6 {1} 3. Nc3 {6} 3... g6 {0} 4. d3 {4}
4... Bg7 {0} 5. f4 {4} 5... d6 {2} 6. Nf3 {1} 6... Bg4 {2} 7. Be2 {5} 7... Nf6
{1} 8. O-O {2} 8... O-O {2} 9. Bd2 {17} 9... a6 {2} 10. Qe1 {6} 10... Rb8 {4}
11. a4 {14} 11... Bxf3 {2} 12. Bxf3 {18} 12... Nd4 {1} 13. Bd1 {3} 13... b5 {2}
14. axb5 {2} 14... axb5 {1} 15. b3 {11} 15... Nd7 {22} 16. Ra7 {28} 16... b4 {3
} 17. Nd5 {9} 17... e6 {2} 18. Ne3 {3} 18... Ra8 {1} 19. Rxa8 {3} 19... Qxa8 {1
} 20. f5 {6} 20... Qa2 {11} 21. Bxb4 {20} 21... cxb4 {4} 22. Qxb4 {1} 22... Ne5
{28} 23. f6 {9} 23... Bh6 {7} 24. Ng4 {25} 24... Nxg4 {1} 25. Bxg4 {2} 25...
Qxb3 {Kuppenheim gibt auf  (Lag: Av=0.35s, max=0.8s) 5} 0-1

[Event "Kuppenheim 12h-Blitz (4m + 0s)"]
[Site "Rochade Kuppenheim"]
[Date "2004.05.15"]
[Round "2.3"]
[White "Kingloek"]
[Black "Schmitt (Kuppenheim)"]
[Result "1-0"]
[WhiteElo "2740"]
[BlackElo "2100"]
[PlyCount "63"]
[EventDate "2004.05.14"]

1. d4 {1} 1... Nf6 {2} 2. c4 {1} 2... e6 {1} 3. Nf3 {2} 3... c5 {3} 4. d5 {2}
4... b5 {1} 5. dxe6 {2} 5... fxe6 {1} 6. cxb5 {0} 6... Bb7 {5} 7. g3 {1} 7...
d5 {1} 8. Bg2 {1} 8... Bd6 {1} 9. O-O {1} 9... Nbd7 {1} 10. b3 {4} 10... Qe7 {4
} 11. Bb2 {1} 11... e5 {1} 12. Nh4 {15} 12... g6 {4} 13. Nc3 {15} 13... Qe6 {14
} 14. Nf3 {17} 14... O-O {2} 15. Ng5 {5} 15... Qf5 {10} 16. Nxd5 {1} 16... Qxg5
{22} 17. Nxf6+ {2} 17... Qxf6 {2} 18. Bxb7 {1} 18... Rad8 {3} 19. a4 {7} 19...
Bc7 {12} 20. Qd5+ {6} 20... Kg7 {3} 21. Qc6 {3} 21... Qxc6 {7} 22. Bxc6 {3}
22... Nf6 {6} 23. Rfd1 {6} 23... Kf7 {3} 24. Bc3 {6} 24... Ke6 {4} 25. a5 {2}
25... Ng4 {14} 26. Rxd8 {7} 26... Bxd8 {3} 27. Rd1 {8} 27... Nxf2 {7} 28. Rxd8
{1} 28... Rxd8 {2} 29. Kxf2 {1} 29... Rd1 {2} 30. b6 {2} 30... axb6 {2} 31. a6
{5} 31... Rd8 {2} 32. a7 {Kuppenheim gibt auf  (Lag: Av=0.35s, max=0.4s) 1} 1-0

[Event "Kuppenheim 12h-Blitz (4m + 0s)"]
[Site "Rochade Kuppenheim"]
[Date "2004.05.15"]
[Round "2.4"]
[White "Schmidt (Kuppenheim)"]
[Black "Kingloek"]
[Result "0-1"]
[WhiteElo "2141"]
[BlackElo "2740"]
[PlyCount "74"]
[EventDate "2004.05.14"]

1. Nf3 {6} 1... Nf6 {2} 2. g3 {3} 2... d5 {2} 3. Bg2 {2} 3... Bf5 {1} 4. d3 {1}
4... e6 {1} 5. O-O {2} 5... Be7 {1} 6. Re1 {2} 6... O-O {2} 7. Nbd2 {1} 7... h6
{2} 8. c3 {7} 8... c5 {2} 9. Qb3 {3} 9... Qc7 {5} 10. e4 {3} 10... Bh7 {1} 11.
Qc2 {8} 11... c4 {7} 12. dxc4 {3} 12... dxe4 {3} 13. Nd4 {11} 13... e3 {8} 14.
Qb3 {4} 14... exd2 {2} 15. Bxd2 {1} 15... Nc6 {2} 16. Nb5 {3} 16... Qb6 {6} 17.
Be3 {2} 17... Bc5 {1} 18. Nd6 {8} 18... Bxe3 {5} 19. Rxe3 {6} 19... Na5 {11}
20. Qxb6 {6} 20... axb6 {1} 21. b4 {2} 21... Rfd8 {8} 22. Nxb7 {10} 22... Nxb7
{9} 23. Bxb7 {2} 23... Ra3 {2} 24. c5 {5} 24... bxc5 {2} 25. bxc5 {2} 25... Nd5
{3} 26. c6 {1} 26... Nc7 {8} 27. c4 {6} 27... Ra5 {9} 28. a4 {3} 28... Rd4 {3}
29. c5 {5} 29... Kf8 {3} 30. Rb3 {4} 30... Ke7 {3} 31. Rb5 {3} 31... Nxb5 {5}
32. axb5 {2} 32... Rxa1+ {2} 33. Kg2 {2} 33... Be4+ {2} 34. f3 {5} 34... Rd2+ {
7} 35. Kh3 {2} 35... Bxf3 {1} 36. b6 {4} 36... Rh1 {6} 37. Ba8 {12} 37...
Rdxh2# {(Lag: Av=0.39s, max=2.2s) 3} 0-1

[Event "Kuppenheim 12h-Blitz (4m + 0s)"]
[Site "Rochade Kuppenheim"]
[Date "2004.05.15"]
[Round "2.5"]
[White "Kingloek"]
[Black "Riff (Kuppenheim)"]
[Result "1-0"]
[WhiteElo "2740"]
[BlackElo "2171"]
[PlyCount "85"]
[EventDate "2004.05.14"]

1. d4 {1} 1... Nf6 {3} 2. c4 {0} 2... e5 {1} 3. dxe5 {1} 3... Ng4 {3} 4. Bf4 {1
} 4... Nc6 {2} 5. Nf3 {1} 5... Bb4+ {5} 6. Nc3 {1} 6... Qe7 {2} 7. Qd5 {3} 7...
d6 {21} 8. exd6 {5} 8... cxd6 {3} 9. e3 {10} 9... Be6 {8} 10. Qd2 {2} 10... O-O
{2} 11. Be2 {1} 11... Nge5 {2} 12. b3 {10} 12... Qf6 {17} 13. Rc1 {5} 13... d5
{27} 14. cxd5 {4} 14... Bxd5 {3} 15. O-O {10} 15... Bxf3 {9} 16. gxf3 {4} 16...
Rad8 {9} 17. Qc2 {2} 17... Bxc3 {11} 18. Qxc3 {2} 18... Rfe8 {35} 19. Kh1 {6}
19... Qh4 {11} 20. Bg3 {11} 20... Qh3 {2} 21. Rcd1 {7} 21... Ng6 {2} 22. Qc4 {
12} 22... h5 {16} 23. Rg1 {13} 23... h4 {5} 24. Bc7 {8} 24... Rc8 {1} 25. Rxg6
{15} 25... Ne5 {8} 26. Rxg7+ {6} 26... Kxg7 {2} 27. Bxe5+ {4} 27... Rxe5 {1}
28. Rg1+ {2} 28... Kf8 {2} 29. Qf4 {6} 29... Re6 {3} 30. Bc4 {3} 30... Rxc4 {4}
31. bxc4 {3} 31... Ke7 {0} 32. Qg4 {4} 32... Qxg4 {1} 33. Rxg4 {1} 33... Ra6 {0
} 34. Rxh4 {4} 34... Rxa2 {0} 35. Kg2 {1} 35... Rc2 {0} 36. Re4+ {2} 36... Kf8
{1} 37. h4 {2} 37... a5 {0} 38. Re5 {2} 38... a4 {1} 39. Rb5 {1} 39... Rxc4 {2}
40. Rxb7 {1} 40... Rxh4 {1} 41. f4 {1} 41... Rh6 {1} 42. Ra7 {2} 42... Rg6+ {0}
43. Kf3 {Kuppenheim gibt auf  (Lag: Av=0.39s, max=0.5s) 1} 1-0

[Event "Kuppenheim 12h-Blitz (4m + 0s)"]
[Site "Rochade Kuppenheim"]
[Date "2004.05.15"]
[Round "2.6"]
[White "Karabalis (Kuppenheim)"]
[Black "Kingloek"]
[Result "0-1"]
[WhiteElo "2265"]
[BlackElo "2740"]
[PlyCount "118"]
[EventDate "2004.05.14"]

1. e4 {4} 1... c5 {1} 2. Nc3 {1} 2... Nc6 {1} 3. Nge2 {1} 3... Nf6 {3} 4. g3 {0
} 4... g6 {2} 5. Bg2 {1} 5... Bg7 {1} 6. d4 {2} 6... cxd4 {1} 7. Nxd4 {1} 7...
O-O {1} 8. O-O {3} 8... d6 {1} 9. h3 {2} 9... Bd7 {4} 10. Be3 {1} 10... Rb8 {3}
11. a4 {5} 11... a6 {2} 12. Nb3 {1} 12... b5 {3} 13. axb5 {1} 13... axb5 {1}
14. Qd2 {7} 14... Ne5 {2} 15. Ba7 {9} 15... Ra8 {6} 16. Qe2 {2} 16... Qc8 {12}
17. Bd4 {11} 17... Rxa1 {3} 18. Rxa1 {2} 18... b4 {1} 19. Nd5 {3} 19... Nxd5 {2
} 20. exd5 {1} 20... Bxh3 {1} 21. f4 {7} 21... Bxg2 {12} 22. Kxg2 {2} 22... Ng4
{2} 23. Bxg7 {5} 23... Kxg7 {1} 24. Ra2 {3} 24... Qxc2 {2} 25. Qxc2 {3} 25...
Ne3+ {1} 26. Kf3 {1} 26... Nxc2 {1} 27. Ra7 {1} 27... Kf6 {4} 28. Rc7 {4} 28...
Ne1+ {8} 29. Ke2 {1} 29... Ng2 {2} 30. Kf3 {1} 30... Ne1+ {2} 31. Ke2 {0} 31...
Ng2 {1} 32. Kf3 {1} 32... Nxf4 {6} 33. Kxf4 {3} 33... Ra8 {1} 34. Rb7 {3} 34...
Ra2 {1} 35. Rxb4 {1} 35... Rxb2 {1} 36. Rb5 {2} 36... h5 {3} 37. Nd4 {1} 37...
Rd2 {4} 38. Nf3 {2} 38... Rd1 {7} 39. Ra5 {9} 39... Rf1 {5} 40. Ke3 {4} 40...
g5 {2} 41. Ke2 {1} 41... Rb1 {2} 42. Ra4 {2} 42... Rb3 {2} 43. Rd4 {3} 43... g4
{2} 44. Rf4+ {4} 44... Kg7 {7} 45. Nh4 {2} 45... e6 {2} 46. dxe6 {3} 46... fxe6
{1} 47. Kf2 {1} 47... d5 {4} 48. Ng2 {1} 48... Rb2+ {2} 49. Kg1 {3} 49... Rb3 {
1} 50. Kf2 {3} 50... Rb2+ {1} 51. Kg1 {1} 51... Re2 {1} 52. Ra4 {10} 52... Kf6
{4} 53. Nf4 {1} 53... Re5 {1} 54. Ra8 {3} 54... Re3 {9} 55. Re8 {6} 55... Rxg3+
{4} 56. Kh2 {3} 56... Rf3 {4} 57. Nxh5+ {1} 57... Kf7 {5} 58. Rd8 {7} 58...
Rh3+ {2} 59. Kg2 {2} 59... Rxh5 {
Kuppenheim gibt auf  (Lag: Av=0.38s, max=0.6s) 1} 0-1

[Event "Kuppenheim 12h-Blitz (4m + 0s)"]
[Site "Rochade Kuppenheim"]
[Date "2004.05.15"]
[Round "2.7"]
[White "Kingloek"]
[Black "Wege (Kuppenheim)"]
[Result "1-0"]
[WhiteElo "2740"]
[BlackElo "2200"]
[PlyCount "73"]
[EventDate "2004.05.14"]

1. d4 {1} 1... e6 {9} 2. c4 {2} 2... Nf6 {1} 3. Nf3 {2} 3... Bb4+ {1} 4. Bd2 {1
} 4... Qe7 {1} 5. g3 {2} 5... O-O {2} 6. Bg2 {1} 6... Nc6 {1} 7. O-O {2} 7...
Bxd2 {1} 8. Qxd2 {1} 8... d6 {1} 9. d5 {1} 9... exd5 {10} 10. cxd5 {1} 10...
Ne5 {1} 11. Nc3 {4} 11... Bg4 {4} 12. Nd4 {2} 12... Nc4 {6} 13. Qd3 {11} 13...
Nb6 {10} 14. h3 {4} 14... Bh5 {3} 15. f4 {6} 15... Nfd7 {8} 16. g4 {6} 16...
Nc5 {2} 17. Qg3 {8} 17... Bg6 {4} 18. f5 {2} 18... Nc4 {4} 19. b3 {16} 19...
Ne3 {8} 20. Rf3 {7} 20... Nxg2 {5} 21. Qxg2 {8} 21... Ne4 {4} 22. fxg6 {6}
22... hxg6 {7} 23. Re3 {4} 23... f5 {1} 24. Nxe4 {2} 24... fxe4 {2} 25. Qxe4 {0
} 25... Qh4 {5} 26. Rf3 {24} 26... Rae8 {3} 27. Ne6 {2} 27... Rf6 {2} 28. Raf1
{4} 28... c5 {7} 29. Kg2 {3} 29... Rxf3 {12} 30. Rxf3 {1} 30... Qh6 {3} 31. Qf4
{5} 31... Kh7 {8} 32. Qxh6+ {7} 32... Kxh6 {3} 33. Rf7 {1} 33... Rb8 {4} 34. h4
{4} 34... b5 {4} 35. Rxg7 {2} 35... c4 {4} 36. g5+ {1} 36... Kh5 {2} 37. Kg3 {
Kuppenheim gibt auf  (Lag: Av=0.42s, max=1.2s) 1} 1-0

[Event "Kuppenheim 12h-Blitz (4m + 0s)"]
[Site "Rochade Kuppenheim"]
[Date "2004.05.15"]
[Round "2.8"]
[White "Berning (Kuppenheim)"]
[Black "Kingloek"]
[Result "0-1"]
[WhiteElo "2100"]
[BlackElo "2740"]
[PlyCount "42"]
[EventDate "2004.05.14"]

1. e4 {3} 1... c5 {1} 2. Nc3 {2} 2... Nc6 {2} 3. g3 {1} 3... g6 {1} 4. Bg2 {1}
4... Bg7 {0} 5. d3 {1} 5... d6 {0} 6. Be3 {1} 6... Nf6 {1} 7. h4 {2} 7... O-O {
4} 8. Nge2 {3} 8... Rb8 {3} 9. Qd2 {1} 9... b5 {5} 10. a3 {1} 10... a5 {2} 11.
Rb1 {3} 11... b4 {2} 12. axb4 {1} 12... axb4 {1} 13. Nd5 {1} 13... h5 {7} 14.
Bh6 {6} 14... Nxd5 {8} 15. exd5 {3} 15... Ne5 {0} 16. Bxg7 {2} 16... Kxg7 {1}
17. O-O {8} 17... Bf5 {3} 18. Nf4 {11} 18... Ra8 {6} 19. Rfe1 {2} 19... Ra2 {3}
20. Be4 {8} 20... Bxe4 {3} 21. dxe4 {1} 21... Nf3+ {
Kuppenheim gibt auf  (Lag: Av=0.35s, max=0.5s) 1} 0-1

[Event "Kuppenheim 12h-Blitz (4m + 0s)"]
[Site "Rochade Kuppenheim"]
[Date "2004.05.15"]
[Round "2.9"]
[White "Zude (Kuppenheim)"]
[Black "Kingloek"]
[Result "0-1"]
[WhiteElo "2300"]
[BlackElo "2740"]
[PlyCount "108"]
[EventDate "2004.05.14"]

1. d4 {11} 1... Nf6 {2} 2. c4 {1} 2... g6 {2} 3. Nc3 {0} 3... d5 {1} 4. cxd5 {1
} 4... Nxd5 {1} 5. e4 {0} 5... Nxc3 {1} 6. bxc3 {0} 6... Bg7 {0} 7. Bc4 {1}
7... O-O {2} 8. Ne2 {0} 8... c5 {1} 9. O-O {0} 9... Nc6 {1} 10. Be3 {0} 10...
Bg4 {2} 11. f3 {1} 11... Na5 {2} 12. Bd3 {1} 12... cxd4 {3} 13. cxd4 {0} 13...
Be6 {2} 14. d5 {0} 14... Bxa1 {1} 15. Qxa1 {0} 15... f6 {3} 16. Bh6 {1} 16...
Re8 {4} 17. Kh1 {0} 17... Rc8 {5} 18. Nf4 {1} 18... Bd7 {4} 19. e5 {1} 19...
Nc4 {1} 20. e6 {1} 20... Ba4 {5} 21. Nxg6 {1} 21... hxg6 {5} 22. Bxg6 {1} 22...
Kh8 {18} 23. Qe1 {34} 23... Rg8 {6} 24. Be4 {40} 24... Be8 {19} 25. Qh4 {18}
25... Rg6 {2} 26. Qh5 {35} 26... Ne5 {29} 27. Bf4+ {4} 27... Kg7 {5} 28. Bxe5 {
1} 28... fxe5 {5} 29. Bxg6 {3} 29... Bxg6 {2} 30. Qxe5+ {1} 30... Kh7 {3} 31.
h4 {4} 31... Qf8 {13} 32. Qg5 {8} 32... Qg7 {24} 33. Re1 {7} 33... Bd3 {8} 34.
Qh5+ {14} 34... Kg8 {1} 35. d6 {3} 35... Bg6 {7} 36. Qd5 {3} 36... exd6 {5} 37.
e7+ {2} 37... Kh7 {7} 38. Qxb7 {5} 38... Re8 {1} 39. Qxa7 {2} 39... Qf6 {5} 40.
Qa4 {4} 40... d5 {3} 41. Kg1 {8} 41... d4 {2} 42. Rd1 {3} 42... d3 {1} 43. Rxd3
{1} 43... Rxe7 {4} 44. Qd4 {3} 44... Qc6 {6} 45. Rc3 {2} 45... Qe6 {1} 46. Rc1
{2} 46... Rd7 {1} 47. Qf2 {2} 47... Qf5 {1} 48. Re1 {1} 48... Qa5 {1} 49. Qe3 {
1} 49... Rd8 {3} 50. Qe5 {1} 50... Re8 {1} 51. Qxa5 {3} 51... Rf8 {1} 52. Qc3 {
2} 52... Rf7 {1} 53. Qc5 {0} 53... Rg7 {1} 54. Re7 {1} 54... Bf7 {' . 1} 0-1

[Event "Kuppenheim 12h-Blitz (4m + 0s)"]
[Site "Rochade Kuppenheim"]
[Date "2004.05.15"]
[Round "2.10"]
[White "Schneider (Kuppenheim)"]
[Black "Kingloek"]
[Result "0-1"]
[WhiteElo "2254"]
[BlackElo "2740"]
[PlyCount "72"]
[EventDate "2004.05.14"]

1. e4 {8} 1... c5 {1} 2. Nf3 {3} 2... d6 {2} 3. d4 {1} 3... cxd4 {1} 4. Nxd4 {1
} 4... Nf6 {0} 5. Nc3 {2} 5... a6 {0} 6. f3 {3} 6... e6 {2} 7. Be3 {2} 7... Be7
{2} 8. Qd2 {1} 8... Nc6 {1} 9. g4 {3} 9... O-O {1} 10. O-O-O {4} 10... Nxd4 {2}
11. Bxd4 {2} 11... b5 {0} 12. Bd3 {3} 12... b4 {8} 13. Ne2 {3} 13... Qa5 {8}
14. Kb1 {3} 14... e5 {1} 15. Be3 {4} 15... Be6 {0} 16. Nc1 {8} 16... Rfb8 {15}
17. g5 {2} 17... Nh5 {9} 18. Nb3 {6} 18... Qc7 {2} 19. f4 {26} 19... Nxf4 {6}
20. Bxf4 {1} 20... exf4 {1} 21. Qxf4 {1} 21... a5 {5} 22. Nd4 {7} 22... a4 {14}
23. Nxe6 {3} 23... fxe6 {1} 24. g6 {3} 24... Bf6 {4} 25. gxh7+ {3} 25... Kh8 {1
} 26. Rd2 {50} 26... b3 {11} 27. a3 {5} 27... bxc2+ {11} 28. Rxc2 {2} 28... Qb6
{19} 29. Qd2 {19} 29... Qd4 {16} 30. Rhc1 {10} 30... Qe5 {12} 31. Qg2 {17}
31... Bg5 {10} 32. Rf1 {6} 32... Ra7 {9} 33. Rg1 {10} 33... Bf6 {4} 34. Rgc1 {2
} 34... Raa8 {8} 35. Rg1 {14} 35... Qd4 {' 6} 36. Qxg7+ {1} 36... Bxg7 {
Zeit  (Lag: Av=0.34s, max=0.5s) . 2} 0-1

[Event "Kuppenheim 12h-Blitz (4m + 0s)"]
[Site "Rochade Kuppenheim"]
[Date "2004.05.15"]
[Round "2.11"]
[White "Kingloek"]
[Black "Hildebrand (Kuppenheim)"]
[Result "1-0"]
[WhiteElo "2740"]
[BlackElo "2100"]
[PlyCount "69"]
[EventDate "2004.05.14"]

1. d4 {1} 1... d5 {4} 2. c4 {1} 2... c5 {2} 3. dxc5 {2} 3... d4 {2} 4. Nf3 {7}
4... Nc6 {2} 5. e3 {1} 5... e5 {1} 6. exd4 {1} 6... e4 {1} 7. d5 {3} 7... exf3
{1} 8. dxc6 {1} 8... Qxd1+ {5} 9. Kxd1 {1} 9... Bg4 {1} 10. g3 {13} 10... bxc6
{2} 11. Be3 {5} 11... O-O-O+ {2} 12. Nd2 {2} 12... Ne7 {2} 13. h3 {3} 13... Bh5
{2} 14. g4 {14} 14... Bg6 {2} 15. Ke1 {10} 15... f5 {5} 16. Nxf3 {4} 16... fxg4
{1} 17. hxg4 {1} 17... Be4 {3} 18. Rh3 {2} 18... Ng6 {2} 19. Ng5 {4} 19... Re8
{13} 20. Nxe4 {1} 20... Rxe4 {2} 21. Bd3 {0} 21... Rxe3+ {4} 22. fxe3 {2} 22...
Ne5 {8} 23. Bf5+ {7} 23... Kc7 {3} 24. Rxh7 {2} 24... Rxh7 {4} 25. Bxh7 {1}
25... Nxg4 {1} 26. b4 {12} 26... Nxe3 {6} 27. Bd3 {1} 27... a5 {7} 28. a3 {3}
28... g5 {4} 29. Ke2 {1} 29... Ng2 {6} 30. Kf3 {3} 30... Nf4 {3} 31. Bf5 {3}
31... Bg7 {3} 32. Rh1 {6} 32... Bb2 {4} 33. Rh7+ {2} 33... Kb8 {2} 34. b5 {3}
34... Bxa3 {5} 35. bxc6 {Kuppenheim gibt auf  (Lag: Av=0.34s, max=0.4s) 1} 1-0

[Event "Kuppenheim 12h-Blitz (4m + 0s)"]
[Site "Rochade Kuppenheim"]
[Date "2004.05.15"]
[Round "2.12"]
[White "Xheladini (Kuppenheim)"]
[Black "Kingloek"]
[Result "0-1"]
[WhiteElo "2259"]
[BlackElo "2740"]
[PlyCount "118"]
[EventDate "2004.05.14"]

1. e4 {5} 1... c5 {1} 2. Nf3 {2} 2... d6 {0} 3. Bc4 {2} 3... e6 {2} 4. Nc3 {2}
4... Nf6 {2} 5. Qe2 {4} 5... Be7 {2} 6. O-O {2} 6... Nc6 {4} 7. d3 {3} 7... a6
{2} 8. a4 {2} 8... O-O {3} 9. Ba2 {2} 9... Rb8 {4} 10. Re1 {2} 10... b5 {2} 11.
axb5 {3} 11... axb5 {1} 12. Be3 {9} 12... Ng4 {8} 13. Bf4 {3} 13... Nge5 {2}
14. Qd1 {7} 14... b4 {7} 15. Nb1 {6} 15... Nxf3+ {6} 16. Qxf3 {3} 16... Nd4 {1}
17. Qd1 {2} 17... Ra8 {6} 18. Nd2 {4} 18... Bd7 {13} 19. c3 {8} 19... bxc3 {6}
20. bxc3 {2} 20... Ba4 {3} 21. Qc1 {12} 21... Nc2 {8} 22. Bc4 {20} 22... Nxa1 {
6} 23. Qxa1 {3} 23... d5 {2} 24. exd5 {6} 24... exd5 {1} 25. Ba2 {8} 25... Bg5
{9} 26. Bxg5 {4} 26... Qxg5 {1} 27. Nf3 {1} 27... Qf6 {9} 28. Qb2 {4} 28...
Rfb8 {6} 29. Qd2 {2} 29... Bb3 {6} 30. Bxb3 {4} 30... Rxb3 {0} 31. d4 {2} 31...
cxd4 {5} 32. Nxd4 {9} 32... Rbb8 {2} 33. h3 {4} 33... h6 {4} 34. Qe3 {5} 34...
Rc8 {7} 35. Qg3 {2} 35... Qg5 {9} 36. Qf3 {3} 36... Ra6 {13} 37. Re3 {6} 37...
Rf6 {4} 38. Qe2 {2} 38... g6 {5} 39. Nf3 {4} 39... Qf5 {7} 40. Re5 {3} 40...
Qb1+ {8} 41. Kh2 {2} 41... Qb8 {2} 42. Kg1 {18} 42... Qd6 {2} 43. Qd3 {5} 43...
Rd8 {5} 44. Qd4 {5} 44... Re6 {3} 45. Re3 {3} 45... Rxe3 {1} 46. Qxe3 {3} 46...
Rc8 {1} 47. Nd4 {3} 47... Kg7 {3} 48. Ne2 {2} 48... Qe6 {3} 49. Qd4+ {2} 49...
Kg8 {1} 50. Kf1 {3} 50... Qe4 {3} 51. Qd2 {3} 51... Qb1+ {2} 52. Qe1 {2} 52...
Qxe1+ {0} 53. Kxe1 {1} 53... Kf8 {0} 54. Kd2 {1} 54... Ke7 {1} 55. Kd3 {1}
55... Kd6 {1} 56. Kd4 {1} 56... Rc4+ {1} 57. Kd3 {1} 57... Ra4 {0} 58. Nc1 {3}
58... Ra1 {1} 59. Kc2 {2} 59... Ra8 {' Zeit  (Lag: Av=0.33s, max=0.4s) . 2} 0-1